<?xml version="1.0" encoding="UTF-8"?><marc:collection xmlns:marc="http://www.loc.gov/MARC21/slim">
  <marc:record>
    <marc:leader>03187nas a2200745 c 4500</marc:leader>
    <marc:controlfield tag="001">010037594</marc:controlfield>
    <marc:controlfield tag="003">DE-101</marc:controlfield>
    <marc:controlfield tag="005">20250903151048.0</marc:controlfield>
    <marc:controlfield tag="007">tu</marc:controlfield>
    <marc:controlfield tag="008">991118c19079999gw a||p|  ||| 0||||1ger c</marc:controlfield>
    <marc:datafield tag="015" ind1=" " ind2=" ">
      <marc:subfield code="a">76,A43,0138</marc:subfield>
      <marc:subfield code="2">dnb</marc:subfield>
    </marc:datafield>
    <marc:datafield tag="016" ind1="7" ind2=" ">
      <marc:subfield code="2">DE-600</marc:subfield>
      <marc:subfield code="a">2627-X</marc:subfield>
    </marc:datafield>
    <marc:datafield tag="016" ind1="7" ind2=" ">
      <marc:subfield code="2">DE-101</marc:subfield>
      <marc:subfield code="a">010037594</marc:subfield>
    </marc:datafield>
    <marc:datafield tag="022" ind1=" " ind2=" ">
      <marc:subfield code="a">0075-2517</marc:subfield>
    </marc:datafield>
    <marc:datafield tag="022" ind1=" " ind2=" ">
      <marc:subfield code="a">0075-2517</marc:subfield>
      <marc:subfield code="2">6</marc:subfield>
    </marc:datafield>
    <marc:datafield tag="035" ind1=" " ind2=" ">
      <marc:subfield code="a">(DE-599)ZDB2627-X</marc:subfield>
    </marc:datafield>
    <marc:datafield tag="035" ind1=" " ind2=" ">
      <marc:subfield code="a">(OCoLC)185463969</marc:subfield>
    </marc:datafield>
    <marc:datafield tag="040" ind1=" " ind2=" ">
      <marc:subfield code="a">9001</marc:subfield>
      <marc:subfield code="b">ger</marc:subfield>
      <marc:subfield code="c">DE-101</marc:subfield>
      <marc:subfield code="d">0188</marc:subfield>
    </marc:datafield>
    <marc:datafield tag="041" ind1=" " ind2=" ">
      <marc:subfield code="a">ger</marc:subfield>
    </marc:datafield>
    <marc:datafield tag="042" ind1=" " ind2=" ">
      <marc:subfield code="a">zdb</marc:subfield>
    </marc:datafield>
    <marc:datafield tag="044" ind1=" " ind2=" ">
      <marc:subfield code="c">XA-DE</marc:subfield>
    </marc:datafield>
    <marc:datafield tag="082" ind1="0" ind2="4">
      <marc:subfield code="8">5\u</marc:subfield>
      <marc:subfield code="a">342.43</marc:subfield>
      <marc:subfield code="q">DE-101</marc:subfield>
      <marc:subfield code="2">22/ger</marc:subfield>
    </marc:datafield>
    <marc:datafield tag="083" ind1="7" ind2=" ">
      <marc:subfield code="a">340</marc:subfield>
      <marc:subfield code="q">DE-101</marc:subfield>
      <marc:subfield code="2">22sdnb</marc:subfield>
    </marc:datafield>
    <marc:datafield tag="083" ind1="7" ind2=" ">
      <marc:subfield code="a">340</marc:subfield>
      <marc:subfield code="q">DE-600</marc:subfield>
      <marc:subfield code="2">22sdnb</marc:subfield>
    </marc:datafield>
    <marc:datafield tag="084" ind1=" " ind2=" ">
      <marc:subfield code="a">INTRECHT</marc:subfield>
      <marc:subfield code="q">DE-1a</marc:subfield>
      <marc:subfield code="2">fid</marc:subfield>
    </marc:datafield>
    <marc:datafield tag="084" ind1=" " ind2=" ">
      <marc:subfield code="a">2</marc:subfield>
      <marc:subfield code="2">ssgn</marc:subfield>
    </marc:datafield>
    <marc:datafield tag="084" ind1=" " ind2=" ">
      <marc:subfield code="a">p 2</marc:subfield>
      <marc:subfield code="a">p 81</marc:subfield>
      <marc:subfield code="a">p 82.3</marc:subfield>
      <marc:subfield code="2">ifzs</marc:subfield>
    </marc:datafield>
    <marc:datafield tag="084" ind1=" " ind2=" ">
      <marc:subfield code="a">PL 310</marc:subfield>
      <marc:subfield code="a">PM 1000</marc:subfield>
      <marc:subfield code="2">rvk</marc:subfield>
    </marc:datafield>
    <marc:datafield tag="084" ind1=" " ind2=" ">
      <marc:subfield code="a">012000*zs</marc:subfield>
      <marc:subfield code="2">sbb</marc:subfield>
    </marc:datafield>
    <marc:datafield tag="085" ind1=" " ind2=" ">
      <marc:subfield code="8">5\u</marc:subfield>
      <marc:subfield code="b">342</marc:subfield>
    </marc:datafield>
    <marc:datafield tag="085" ind1=" " ind2=" ">
      <marc:subfield code="8">5\u</marc:subfield>
      <marc:subfield code="z">2</marc:subfield>
      <marc:subfield code="s">43</marc:subfield>
    </marc:datafield>
    <marc:datafield tag="222" ind1=" " ind2="0">
      <marc:subfield code="a">Jahrbuch des öffentlichen Rechts der Gegenwart</marc:subfield>
    </marc:datafield>
    <marc:datafield tag="245" ind1="0" ind2="0">
      <marc:subfield code="a">Jahrbuch des öffentlichen Rechts der Gegenwart</marc:subfield>
    </marc:datafield>
    <marc:datafield tag="246" ind1="3" ind2=" ">
      <marc:subfield code="a">&#152;Das&#156; öffentliche Recht der Gegenwart / Fortlaufender Teil</marc:subfield>
    </marc:datafield>
    <marc:datafield tag="246" ind1="1" ind2=" ">
      <marc:subfield code="i">Nebent.:</marc:subfield>
      <marc:subfield code="a">Jahrbuch des öffentlichen Rechts</marc:subfield>
    </marc:datafield>
    <marc:datafield tag="246" ind1="1" ind2=" ">
      <marc:subfield code="i">Abweichender Titel</marc:subfield>
      <marc:subfield code="a">JöR</marc:subfield>
    </marc:datafield>
    <marc:datafield tag="264" ind1="3" ind2="1">
      <marc:subfield code="a">Tübingen</marc:subfield>
      <marc:subfield code="b">Mohr Siebeck</marc:subfield>
      <marc:subfield code="c">1907-</marc:subfield>
    </marc:datafield>
    <marc:datafield tag="264" ind1="2" ind2="1">
      <marc:subfield code="3">früher</marc:subfield>
      <marc:subfield code="a">Tübingen</marc:subfield>
      <marc:subfield code="b">Mohr</marc:subfield>
    </marc:datafield>
    <marc:datafield tag="300" ind1=" " ind2=" ">
      <marc:subfield code="c">24 cm</marc:subfield>
    </marc:datafield>
    <marc:datafield tag="336" ind1=" " ind2=" ">
      <marc:subfield code="a">Text</marc:subfield>
      <marc:subfield code="b">txt</marc:subfield>
      <marc:subfield code="2">rdacontent</marc:subfield>
    </marc:datafield>
    <marc:datafield tag="337" ind1=" " ind2=" ">
      <marc:subfield code="a">ohne Hilfsmittel zu benutzen</marc:subfield>
      <marc:subfield code="b">n</marc:subfield>
      <marc:subfield code="2">rdamedia</marc:subfield>
    </marc:datafield>
    <marc:datafield tag="338" ind1=" " ind2=" ">
      <marc:subfield code="a">Band</marc:subfield>
      <marc:subfield code="b">nc</marc:subfield>
      <marc:subfield code="2">rdacarrier</marc:subfield>
    </marc:datafield>
    <marc:datafield tag="362" ind1="0" ind2=" ">
      <marc:subfield code="a">1.1907 - 25.1938(1939); N.F. 1.1951 -</marc:subfield>
    </marc:datafield>
    <marc:datafield tag="363" ind1="0" ind2="0">
      <marc:subfield code="8">1.1\x</marc:subfield>
      <marc:subfield code="a">1</marc:subfield>
      <marc:subfield code="i">1907</marc:subfield>
    </marc:datafield>
    <marc:datafield tag="363" ind1="1" ind2="0">
      <marc:subfield code="8">1.2\x</marc:subfield>
      <marc:subfield code="a">25</marc:subfield>
      <marc:subfield code="i">1938</marc:subfield>
    </marc:datafield>
    <marc:datafield tag="363" ind1="0" ind2="1">
      <marc:subfield code="8">2.1\x</marc:subfield>
      <marc:subfield code="a">1</marc:subfield>
      <marc:subfield code="i">1951</marc:subfield>
    </marc:datafield>
    <marc:datafield tag="490" ind1="0" ind2=" ">
      <marc:subfield code="3">Das öffentliche Recht der Gegenwart </marc:subfield>
      <marc:subfield code="a">Fortlaufender Teil</marc:subfield>
    </marc:datafield>
    <marc:datafield tag="515" ind1=" " ind2=" ">
      <marc:subfield code="a">Ersch. jährl.</marc:subfield>
    </marc:datafield>
    <marc:datafield tag="555" ind1="8" ind2=" ">
      <marc:subfield code="a">Index 1/15.1907/27; N.F. 1/10.1951/61 in: 10.1961</marc:subfield>
    </marc:datafield>
    <marc:datafield tag="583" ind1="1" ind2=" ">
      <marc:subfield code="3">N.F. 1.1951 -</marc:subfield>
      <marc:subfield code="a">Archivierung/Langzeitarchivierung gewährleistet</marc:subfield>
      <marc:subfield code="c">2024</marc:subfield>
      <marc:subfield code="f">DE-636</marc:subfield>
      <marc:subfield code="x">XA-DE-MV</marc:subfield>
      <marc:subfield code="z">f eingeschränkte Benutzung</marc:subfield>
      <marc:subfield code="5">DE-28</marc:subfield>
      <marc:subfield code="2">pdager</marc:subfield>
    </marc:datafield>
    <marc:datafield tag="650" ind1=" " ind2="7">
      <marc:subfield code="0">(DE-588)4043181-2</marc:subfield>
      <marc:subfield code="0">https://d-nb.info/gnd/4043181-2</marc:subfield>
      <marc:subfield code="0">(DE-101)040431819</marc:subfield>
      <marc:subfield code="a">Öffentliches Recht</marc:subfield>
      <marc:subfield code="9">rswk-swf</marc:subfield>
      <marc:subfield code="2">gnd</marc:subfield>
    </marc:datafield>
    <marc:datafield tag="650" ind1=" " ind2="7">
      <marc:subfield code="a">Öffentliches Recht</marc:subfield>
      <marc:subfield code="2">local</marc:subfield>
    </marc:datafield>
    <marc:datafield tag="650" ind1=" " ind2="7">
      <marc:subfield code="a">Verfassungsrecht</marc:subfield>
      <marc:subfield code="2">local</marc:subfield>
    </marc:datafield>
    <marc:datafield tag="650" ind1=" " ind2="7">
      <marc:subfield code="8">3\p</marc:subfield>
      <marc:subfield code="0">(DE-588)4043181-2</marc:subfield>
      <marc:subfield code="0">https://d-nb.info/gnd/4043181-2</marc:subfield>
      <marc:subfield code="0">(DE-101)040431819</marc:subfield>
      <marc:subfield code="a">Öffentliches Recht</marc:subfield>
      <marc:subfield code="2">gnd</marc:subfield>
    </marc:datafield>
    <marc:datafield tag="650" ind1=" " ind2="7">
      <marc:subfield code="8">4\p</marc:subfield>
      <marc:subfield code="0">(DE-588)4062801-2</marc:subfield>
      <marc:subfield code="0">https://d-nb.info/gnd/4062801-2</marc:subfield>
      <marc:subfield code="0">(DE-101)040628019</marc:subfield>
      <marc:subfield code="a">Verfassungsrecht</marc:subfield>
      <marc:subfield code="2">gnd</marc:subfield>
    </marc:datafield>
    <marc:datafield tag="651" ind1=" " ind2="7">
      <marc:subfield code="0">(DE-588)4011882-4</marc:subfield>
      <marc:subfield code="0">https://d-nb.info/gnd/4011882-4</marc:subfield>
      <marc:subfield code="0">(DE-101)040118827</marc:subfield>
      <marc:subfield code="a">Deutschland</marc:subfield>
      <marc:subfield code="9">rswk-swf</marc:subfield>
      <marc:subfield code="2">gnd</marc:subfield>
    </marc:datafield>
    <marc:datafield tag="655" ind1=" " ind2="7">
      <marc:subfield code="0">(DE-588)4067488-5</marc:subfield>
      <marc:subfield code="0">https://d-nb.info/gnd/4067488-5</marc:subfield>
      <marc:subfield code="0">(DE-101)040674886</marc:subfield>
      <marc:subfield code="a">Zeitschrift</marc:subfield>
      <marc:subfield code="2">gnd-content</marc:subfield>
    </marc:datafield>
    <marc:datafield tag="689" ind1="0" ind2="0">
      <marc:subfield code="0">(DE-588)4011882-4</marc:subfield>
      <marc:subfield code="0">https://d-nb.info/gnd/4011882-4</marc:subfield>
      <marc:subfield code="0">(DE-101)040118827</marc:subfield>
      <marc:subfield code="D">g</marc:subfield>
      <marc:subfield code="a">Deutschland</marc:subfield>
    </marc:datafield>
    <marc:datafield tag="689" ind1="0" ind2="1">
      <marc:subfield code="0">(DE-588)4043181-2</marc:subfield>
      <marc:subfield code="0">https://d-nb.info/gnd/4043181-2</marc:subfield>
      <marc:subfield code="0">(DE-101)040431819</marc:subfield>
      <marc:subfield code="D">s</marc:subfield>
      <marc:subfield code="a">Öffentliches Recht</marc:subfield>
    </marc:datafield>
    <marc:datafield tag="689" ind1="0" ind2=" ">
      <marc:subfield code="5">DE-101</marc:subfield>
      <marc:subfield code="5">DE-101</marc:subfield>
    </marc:datafield>
    <marc:datafield tag="776" ind1="0" ind2="8">
      <marc:subfield code="i">Erscheint auch als</marc:subfield>
      <marc:subfield code="n">Online-Ausgabe, 2010-</marc:subfield>
      <marc:subfield code="t">Jahrbuch des öffentlichen Rechts der Gegenwart</marc:subfield>
      <marc:subfield code="d">Tübingen : Mohr Siebeck, 2010-</marc:subfield>
      <marc:subfield code="h">Online-Ressource</marc:subfield>
      <marc:subfield code="x">2569-4103</marc:subfield>
      <marc:subfield code="w">(DE-600)2922290-4</marc:subfield>
      <marc:subfield code="w">(DE-101)1153833522</marc:subfield>
    </marc:datafield>
    <marc:datafield tag="850" ind1=" " ind2=" ">
      <marc:subfield code="a">DE-101a</marc:subfield>
      <marc:subfield code="a">DE-101b</marc:subfield>
    </marc:datafield>
    <marc:datafield tag="883" ind1="1" ind2=" ">
      <marc:subfield code="8">3\p</marc:subfield>
      <marc:subfield code="a">kasw</marc:subfield>
      <marc:subfield code="c">1,000</marc:subfield>
      <marc:subfield code="d">20230807</marc:subfield>
      <marc:subfield code="q">DE-101</marc:subfield>
      <marc:subfield code="u">https://d-nb.info/provenance/plan#kasw</marc:subfield>
    </marc:datafield>
    <marc:datafield tag="883" ind1="1" ind2=" ">
      <marc:subfield code="8">4\p</marc:subfield>
      <marc:subfield code="a">kasw</marc:subfield>
      <marc:subfield code="c">1,000</marc:subfield>
      <marc:subfield code="d">20230807</marc:subfield>
      <marc:subfield code="q">DE-101</marc:subfield>
      <marc:subfield code="u">https://d-nb.info/provenance/plan#kasw</marc:subfield>
    </marc:datafield>
    <marc:datafield tag="925" ind1="r" ind2=" ">
      <marc:subfield code="a">ra</marc:subfield>
    </marc:datafield>
  </marc:record>
</marc:collection>
